Numeralia - Statistiken

Allgemein
  • Dieses Quiz wurde 23 mal gespielt
  • Das Durchschnittsergebnis liegt bei 43 aus 76
Antwortstatistiken
Zahlzeichen Antwort % Korrekt
2 II duo, -ae, -o
100%
1 I prīmus, -a, -um
100%
2 II secundus
100%
7 VII septimus
100%
6 VI sextus
100%
3 III trēs, tria
100%
1 I ūnus, -a, -um
100%
10 X decimus
90%
8 VIII octō
90%
5 V quīntus
90%
6 VI sex
90%
11 XI undecimus
90%
10 X decem
80%
12 XII duodecimus
80%
9 IX nōnus
80%
8 VIII octāvus
80%
4 IV quārtus
80%
4 IV quattuor
80%
5 V quīnque
80%
7 VII septem
80%
3 III tertius
80%
100 C centum
70%
18 XVIII duodēvīgintī
70%
1000 M mīlle
70%
9 IX novem
70%
15 XV quīndecim
70%
13 XIII trēdecim
70%
11 XI undecim
70%
20 XX vīgintī
70%
12 XII duodecim
60%
14 XIV quattuordecim
60%
16 XVI sēdecim
60%
30 XXX trīgintā
60%
19 XIX undēvīgintī
60%
40 XL quadrāgintā
50%
14 XIV quārtus decimus
50%
50 L quīnquāgēsimus
50%
50 L quīnquāgintā
50%
15 XV quīntus decimus
50%
17 XVII septimus decimus
50%
16 XVI sextus decimus
50%
13 XIII tertius decimus
50%
100 C centēsimus
40%
200 CC ducentēsimus
40%
200 CC ducentī, -ae, -a
40%
18 XVIII duodēvīcēsimus
40%
1000 M mīllēsimus
40%
90 XC nōnāgēsimus
40%
90 XC nōnāgintā
40%
80 LXXX octōgēsimus
40%
80 LXXX octōgintā
40%
40 XL quadrāgēsimus
40%
17 XVII septendecim
40%
70 LXX septuāgēsimus
40%
70 LXX septuāgintā
40%
60 LX sexāgēsimus
40%
60 LX sexāgintā
40%
300 CCC trecentēsimus
40%
300 CCC trecentī, -ae-, -a
40%
19 XIX undēvīcēsimus
40%
20 XX vīcēsimus
40%
2000 MM bis mīllēsimus
30%
2000 MM duo mīlia
30%
800 DCCC octingentēsimus
30%
800 DCCC octingentī, -ae, -a
30%
400 CCCC quadringentēsimus
30%
400 CCCC quadringentī, -ae, -a
30%
500 D quīngentēsimus
30%
500 D quīngentī, -ae, -a
30%
700 DCC septingentēsimus
30%
700 DCC septingentī, -ae, -a
30%
600 DC sescentēsimus
30%
600 DC sescentī, -ae, -a
30%
30 XXX trīcēsimus
30%
900 DCCCC nōngentēsimus
20%
900 DCCCC nōngentī, -ae, -a
20%
Keine übereinstimmenden Quizze gefunden
Verteilung der Resultate
Anzahl Personen mit jedem Resultat
Perzentil nach korrekt beantworteten Fragen
Ihre Resultats-Entwicklung
Sie haben dieses Quiz noch nicht gespielt